| 000 | 00715 a2200277 4500 | ||
|---|---|---|---|
| 260 | _aParis | ||
| 630 | _a57 - Biologie | ||
| 037 | _b2, Achat | ||
| 650 | _a5 - SCIENCES EXACTES ET NATURELLES | ||
| 100 | _aKruh, Jacques | ||
| 260 | _bHermann | ||
| 245 | _aBiochimie : Etudes médicales et biologiques. 1, biologie cellulaire et moléculaire | ||
| 300 | _a184p. | ||
| 650 | _aBiologie cellulaire | ||
| 650 | _aBiologie moléculaire | ||
| 260 | _c1992 | ||
| 300 | _b21 cm. | ||
| 100 | _lFr | ||
| 440 | _aCollection Méthodes | ||
| 037 | _aS 3620 | ||
| 037 | _aS 3208 | ||
| 250 | _aNouv. entièrement refondue, augmentée et remaniée | ||
| 020 | _a2-7057-5939-0 | ||
| 999 |
_c35069 _d35069 |
||